000 00547nam a2200193Ia 4500
003 GCL
008 140319s9999 xx 000 0 eng d
040 _aGCL /
_cGCL
082 0 4 _a629.13007
_bK S
100 1 _aKOCH, RUTHONNE
245 1 0 _aSECONDARY LEVEL EDUCATIONAL CURRICULUM GUIDE /
_cKOCH, RUTHONNE
700 1 _aBECK, CYNTHIA
260 _a[S.N] :
_bNATIONAL AGRICULTURAL AVIATAION ASSOCIAT ،
_c1990
300 _a37
650 0 4 _aAVIATION
650 0 4 _aAVIATION - EDUCATION
650 0 4 _aAVIATION - UNITED STATES
942 _2ddc
_cBK
999 _c15388
_d15388